000 00654nam a2200229Ia 4500
001 1861
003 GE_BSU
008 181216s||||||||xx |||||||||||||| ||und||
020 _a9785369001400
040 _cGE_BSU
080 _a340.6(075.8)+616ю89(075.8)
100 _aДатйи,А.В.
245 _aСудебная медицина и психиатрия.
245 _bУчебник для студ высш. учеб. завед.
260 _aМосква
260 _bРиор
260 _c2007
300 _a310 с. 21см.
541 _h12 л.
653 _aСудебная медицина и психиатрия.
942 _cBK
999 _c35962
_d35962